[Event "ROC Nova College GpA"]
[Site "Haarlem NED"]
[Date "2010.07.02"]
[Round "1"]
[White "De Ruiter,D"]
[Black "Van den Doel,E"]
[Result "0-1"]
[WhiteElo "2116"]
[BlackElo "2591"]

1.d4 g6 2.Nf3 Bg7 3.c4 d6 4.e4 Nf6 5.Nc3 O-O 6.Be2 e5 7.O-O Nh5 8.dxe5 dxe5
9.Qxd8 Rxd8 10.Nd5 Na6 11.c5 Nxc5 12.Nxc7 Rb8 13.Be3 b6 14.Nd5 Bb7 15.Bxc5 Bxd5
16.Be7 Rd7 17.exd5 Rxe7 18.Rfd1 Rd8 19.Bc4 Rd6 20.Rac1 Bh6 21.Rc2 Nf6 22.Re2 e4
23.Nd4 e3 24.Nb5 Rdd7 25.Nc3 exf2+ 26.Kxf2 Ng4+ 27.Kg3 Ne3 28.Rde1 Re5 29.h4 f5
30.Kf3 f4 31.Bb3 Kg7 32.g3 fxg3 33.Kxg3 Rf7 34.Nd1 Nf5+ 35.Kg4 Rxe2 36.Rxe2 Nd6
37.Rf2 Re7 38.Rc2 Nf5 39.Rc4 Kf6 40.Rc6+ Ke5 41.Rc8 Nd6 42.Rc2 Kd4 43.Nc3 Re3
44.Rd2+ Ke5 45.Re2 Rxe2 46.Nxe2 Ne4 47.Nc3 Nf6+ 48.Kf3 Bc1 49.d6 Kxd6 50.Nb5+ Kc5
51.Nxa7 Bxb2 52.Kf4 Nd5+ 53.Bxd5 Kxd5 54.Kg4 Bf6 55.h5 g5 56.Nb5 h6 57.Nc7+ Kc4
58.Kf5 Be7 59.Ne6 Bd6 60.Ng7 b5 61.Kg6 g4 62.Nf5 Bf4  0-1

[Event "IsBank TCh-TUR"]
[Site "Konya TUR"]
[Date "2010.07.02"]
[Round "5"]
[White "Bolat,A"]
[Black "Kazdagli,B"]
[Result "1-0"]
[WhiteElo "2016"]
[BlackElo "1823"]

1.Nf3 Nf6 2.d4 g6 3.c4 Bg7 4.Nc3 O-O 5.e4 d6 6.Be2 e5 7.dxe5 dxe5 8.Qxd8 Rxd8
9.Bg5 Re8 10.Nd5 Nxd5 11.cxd5 c6 12.Bc4 cxd5 13.Bxd5 Nc6 14.Rd1 Nb4 15.Bb3 Be6
16.Bxe6 Rxe6 17.a3 Nc2+ 18.Ke2 f5 19.exf5 gxf5 20.Rd2 Rc8 21.Rhd1 h6 22.Rd8+ Rxd8
23.Rxd8+ Kf7 24.Rd7+ Kg6 25.Bd2 Rb6 26.Bc3 Nd4+ 27.Nxd4 exd4 28.Rxg7+ Kxg7
29.Bxd4+ Rf6 30.Kf3 Kf7 31.Bxf6 Kxf6 32.Kf4 b5 33.f3 a5 34.g4  1-0

[Event "IsBank TCh-TUR"]
[Site "Konya TUR"]
[Date "2010.07.02"]
[Round "5"]
[White "Arslan,Erda"]
[Black "Tuncer,U"]
[Result "0-1"]
[WhiteElo "2126"]
[BlackElo "2315"]

1.d4 Nf6 2.c4 g6 3.Nf3 Bg7 4.Nc3 O-O 5.e4 d6 6.Be2 e5 7.Be3 exd4 8.Nxd4 Re8
9.Qd3 Nc6 10.Nxc6 bxc6 11.O-O Qe7 12.Rac1 Ba6 13.b3 Rad8 14.Qd2 Bb7 15.Bg5 Qe5
16.Bf3 Rd7 17.Rfe1 h5 18.Bf4 Qe6 19.Rcd1 Rde7 20.h3 Nd7 21.Ne2 Ne5 22.Nd4 Qc8
23.Bxe5 Bxe5 24.Qg5 Bg7 25.g4 c5 26.Nc2 Re5 27.Qf4 hxg4 28.Bxg4 Qd8 29.Qg3 Bxe4
30.Ne3 Bc6 31.Kf1 Bf6 32.Nd5 Bxd5 33.cxd5 Kg7 34.Rxe5 Bxe5 35.f4 Qf6 36.Qe3 Rb8
37.Kg2 Bxf4 38.Qf3 Rb4 39.Rf1 Qe5 40.Bd7 Rd4 41.Bc6 f6 42.Rf2 Re4 43.Kf1 Be3
44.Re2 Qa1+ 45.Re1 Qe5 46.Kg2 f5 47.Bb5 Bd4 48.Rxe4 fxe4 49.Qg4 Qxd5 50.Bc4 Qf5
51.Qg3 Be5 52.Qe3 c6 53.Be2 Bd4 54.Qg3 Be5 55.Qe3 Qf4 56.Qxf4 Bxf4 57.Ba6 Kf6
58.Bb7 Ke5 59.Bxc6 d5 60.Kf2 g5 61.Ke2 d4 62.Bb5 d3+ 63.Kf2 Kd4 64.Ba6 Kc3
65.Bb7 e3+ 66.Kf3 e2 67.Kf2 Kd2  0-1

[Event "IsBank TCh-TUR"]
[Site "Konya TUR"]
[Date "2010.07.02"]
[Round "5"]
[White "Acarbay,Ay"]
[Black "Okay,I"]
[Result "0-1"]
[WhiteElo "1885"]
[BlackElo "1865"]

1.d4 Nf6 2.c4 g6 3.Nc3 Bg7 4.e4 d6 5.Nf3 O-O 6.Be2 e5 7.Be3 exd4 8.Nxd4 Re8
9.f3 c6 10.Qd2 d5 11.exd5 cxd5 12.c5 Qe7 13.Bf2 Nbd7 14.c6 Nb6 15.b3 bxc6
16.Nxc6 Qc7 17.Nd4 Bh6 18.Qb2 Nh5 19.O-O Nf4 20.Rfe1 Nxe2+ 21.Rxe2 Ba6 22.Ree1 Rac8
23.Nce2 Nd7 24.Qa3 Qb7 25.Ng3 Ne5 26.Kh1 Bd2 27.Red1 Bc3 28.Rab1 Nd3 29.Bg1 Bb4
30.Qa4 Nc5 31.Qxe8+ Rxe8 32.Rbc1 Nd3 33.Rc6 Rc8  0-1

[Event "IsBank TCh-TUR"]
[Site "Konya TUR"]
[Date "2010.07.02"]
[Round "6"]
[White "Cakan,C"]
[Black "Karagollu,A"]
[Result "1/2-1/2"]
[WhiteElo "1990"]
[BlackElo "1919"]

1.d4 Nf6 2.c4 g6 3.Nc3 Bg7 4.e4 d6 5.Be2 O-O 6.Nf3 e5 7.O-O c6 8.h3 a6 9.Be3 Nh5
10.Qd2 Nd7 11.Ne1 Nf4 12.dxe5 Nxe2+ 13.Qxe2 dxe5 14.Nd3 Qe7 15.b4 f5 16.f3 Qf7
17.Nc5 Nxc5 18.Bxc5 Rd8 19.Na4 Be6 20.Nb6 Bf8 21.Bxf8 Rxf8 22.Rfd1 Rad8 23.a3 Rd4
24.Rxd4 exd4 25.Rd1 Rd8 26.e5 c5 27.bxc5 Qc7 28.Qf2 Qxe5 29.Nd5 Qg7 30.Rxd4 Qf8
31.Nf4 Re8 32.Nxe6 Rxe6 33.Rd7 Re7 34.Rd6 Qg7 35.Rd8+ Kf7 36.Qd2 Qa1+ 37.Kf2 Qe5
38.Qd5+ Qxd5 39.cxd5 Rc7 40.Ke3 Rxc5 41.Kd4 Rc2 42.Rd7+ Kf6 43.Rxb7 Rxg2
44.Kc5 Rg3 45.Rb3 Rg1 46.Rd3 Ke7 47.Kb6 Kd6 48.a4 g5 49.Kxa6 h5 50.Kb6 g4
51.fxg4 hxg4 52.hxg4 fxg4 53.Ka6 g3 54.a5 g2 55.Rg3 Kxd5 56.Ka7  1/2-1/2

[Event "IsBank TCh-TUR"]
[Site "Konya TUR"]
[Date "2010.07.02"]
[Round "6"]
[White "Suer,U"]
[Black "Catalkilic,O"]
[Result "0-1"]
[WhiteElo "1793"]
[BlackElo "1962"]

1.Nf3 Nf6 2.c4 d6 3.d4 g6 4.Nc3 Bg7 5.e4 O-O 6.Be2 e5 7.O-O Nbd7 8.Rb1 exd4
9.Nxd4 Nc5 10.Bf3 Nfd7 11.b4 Ne6 12.Nxe6 fxe6 13.Bb2 a5 14.a3 axb4 15.axb4 Ne5
16.Be2 Nc6 17.b5 Nd4 18.f4 b6 19.Bd3 Bd7 20.Ne2 Nxe2+ 21.Bxe2 Qe7 22.Qd3 Ra2
23.Qb3 Rfa8 24.Bg4 R2a3 25.Qc2 Ra2 26.Qb3 Bxb2 27.Rxb2 R2a3 28.Qc2 Qg7 29.Qf2 Ra1
30.Rbb1 R1a2 31.Qh4 Qd4+ 32.Kh1 Ra1 33.Rbe1 Rxe1 34.Qxe1 Qxc4 35.Bf3 Bxb5
36.Rf2 Qd4 37.Rd2 Ra1 38.Bd1 Qxd2 39.Qxd2 Ba4  0-1

[Event "1st Open"]
[Site "Marrakesh MAR"]
[Date "2010.07.02"]
[Round "9"]
[White "Iturrizaga,E"]
[Black "Haddouche,M"]
[Result "1-0"]
[WhiteElo "2599"]
[BlackElo "2425"]

1.d4 Nf6 2.Nf3 d6 3.c4 g6 4.Nc3 Bg7 5.e4 O-O 6.Be2 Nbd7 7.O-O e5 8.Re1 c6
9.Rb1 exd4 10.Nxd4 Re8 11.Bf1 a5 12.Bg5 a4 13.Qd2 Qb6 14.Be3 Ng4 15.Nf5 Nxe3
16.Nxe3 Nc5 17.f3 f5 18.exf5 Bxf5 19.Nxf5 gxf5 20.Kh1 a3 21.b4 Na6 22.c5 dxc5
23.Na4 Qa7 24.Qd7 Nc7 25.Nxc5 b6 26.Bc4+ Kh8 27.Na6 Ne6 28.Qxc6 b5 29.Qxb5 Re7
30.Rxe6 Rxe6 31.Bxe6 Qxa6 32.Qxa6 Rxa6 33.Bxf5 Rb6 34.b5 Bb2 35.Bd3 Rd6 36.Rd1 Kg7
37.g3 Rd4 38.f4 Rb4 39.Kg2 h6 40.Kf3 Bc3 41.Rb1 Bb2 42.g4 Rd4 43.Ke3 Rb4
44.h4 Kf6 45.g5+ hxg5 46.hxg5+ Ke6 47.Rh1 Kd5 48.g6 Bd4+ 49.Kf3 Rb2 50.Rh5+ Ke6
51.Bc4+ Kf6 52.Rd5 Rf2+ 53.Ke4 Bb2 54.Rd6+ Kg7 55.Kf5 Bc1 56.Rd7+  1-0

[Event "ch-SWE Mastarklassen"]
[Site "Lund SWE"]
[Date "2010.07.03"]
[Round "1"]
[White "Karle,M"]
[Black "Laksman,E"]
[Result "0-1"]
[WhiteElo "2079"]
[BlackElo "2176"]

1.d4 Nf6 2.c4 g6 3.Nc3 Bg7 4.e4 d6 5.Be2 O-O 6.Nf3 e5 7.d5 a5 8.Bg5 h6 9.Bh4 Na6
10.Nd2 Bd7 11.O-O Qb8 12.b3 Nc5 13.a3 g5 14.Bg3 Ncxe4 15.Ndxe4 Nxe4 16.Nxe4 f5
17.Ra2 fxe4 18.Bg4 Be8 19.Be6+ Kh8 20.Qg4 Bg6 21.h4 Qd8 22.a4 Bh7 23.Re2 gxh4
24.Bxh4 Bf6 25.Bg3 Bg5 26.Rfe1 Qf6 27.Rxe4 Bxe4 28.Rxe4 Qg6 29.Qe2 Rf6 30.Bg4 Raf8
31.Bh5 Qg7 32.Qe1 b6 33.Qe2 Rg8 34.Bf3 Bf4 35.Bh4 Rg6 36.Qf1 Qd7 37.Kh1 Qf5
38.Qe2 Qh3+  0-1

[Event "MGU-9 Open"]
[Site "Sofia BUL"]
[Date "2010.07.03"]
[Round "3"]
[White "Kostov,N"]
[Black "Ruschukov,Boyan"]
[Result "1-0"]
[WhiteElo "1998"]
[BlackElo "1962"]

1.d4 Nf6 2.c4 g6 3.Nc3 Bg7 4.e4 d6 5.Be2 O-O 6.Be3 e5 7.Nf3 Ng4 8.Bg5 f6
9.Bh4 g5 10.Bg3 f5 11.exf5 Bxf5 12.h3 Nh6 13.dxe5 Nc6 14.exd6 cxd6 15.Qd2 g4
16.hxg4 Nxg4 17.Nh2 Be6 18.Qd1 Nge5 19.Nd5 Nd4 20.Kf1 Nxe2 21.Qxe2 b5 22.b3 bxc4
23.bxc4 Qg5 24.Nf3 Nxf3 25.Qxe6+ Kh8 26.Rd1 Qxg3 27.Nf6 Rxf6 28.Qxf6 Bxf6
29.fxg3 Nd4 30.Rb1 Bg7 31.Rb7 Kg8 32.Rh4 Nf5 33.Rh3 Rf8 34.Ke2 h6 35.g4 Nd4+
36.Kd3 Nc6  1-0

[Event "Sparkassen Open"]
[Site "Nettetal GER"]
[Date "2010.07.04"]
[Round "2"]
[White "Thomas,In"]
[Black "Montforts,T"]
[Result "1-0"]
[WhiteElo "2102"]
[BlackElo "1625"]

1.d4 Nf6 2.c4 g6 3.Nc3 Bg7 4.e4 d6 5.Nf3 O-O 6.Be2 Na6 7.O-O e5 8.Be3 Nd7
9.d5 f5 10.Ne1 f4 11.Bd2 h5 12.Nd3 Nf6 13.b4 Qe8 14.f3 g5 15.g4 fxg3 16.hxg3 Bh3
17.Rf2 g4 18.Bf1 Bxf1 19.Qxf1 Qg6 20.Qg2 gxf3 21.Rxf3 Rf7 22.Raf1 Raf8 23.a4 Bh6
24.Bxh6 Qxh6 25.c5 Ng4 26.Nd1 Nf6 27.Rf5 h4 28.g4 h3 29.Qf3 Kh7 30.Kh1 Qh4
31.g5 Nxe4 32.Rxf7+ Kg6 33.Qf5+ Kh5 34.Rh7+  1-0

[Event "IsBank TCh-TUR"]
[Site "Konya TUR"]
[Date "2010.07.05"]
[Round "8"]
[White "Margvelashvili,G"]
[Black "Kasimdzhanov,R"]
[Result "0-1"]
[WhiteElo "2529"]
[BlackElo "2699"]

1.d4 Nf6 2.c4 g6 3.Nc3 Bg7 4.e4 d6 5.Be2 O-O 6.Nf3 Na6 7.O-O e5 8.Re1 Qe8
9.dxe5 dxe5 10.h3 Nh5 11.Be3 b6 12.a3 Bb7 13.Qc2 f5 14.exf5 gxf5 15.c5 Kh8
16.Rad1 Nxc5 17.Bxc5 bxc5 18.Nxe5 Nf4 19.Bf3 Bxf3 20.Nxf3 Qg6 21.g3 Nxh3+
22.Kh2 Qg4 23.Ne5 Bxe5 24.Rxe5 Nf4 25.Kg1 Qh3  0-1

[Event "9th Open"]
[Site "La Fere FRA"]
[Date "2010.07.05"]
[Round "4"]
[White "Fomichenko,E"]
[Black "Colin,V"]
[Result "1/2-1/2"]
[WhiteElo "2458"]
[BlackElo "2425"]

1.Nf3 Nf6 2.c4 g6 3.Nc3 Bg7 4.e4 d6 5.d4 O-O 6.Be2 Na6 7.O-O e5 8.Re1 Qe8
9.Bf1 Bg4 10.d5 Nb4 11.Be2 a5 12.b3 Na6 13.Bg5 Nh5 14.Nd2 Bxe2 15.Nxe2 f5
16.f3 Bf6 17.Bxf6 Nxf6 18.exf5 gxf5 19.Nd4 Nd7 20.Nf1 Qg6 21.Ne6 Rf6 22.f4 e4
23.Re3 Qf7 24.Rg3+ Rg6 25.Ne3 Rxg3 26.hxg3 Qg6 27.g4 fxg4 28.f5 Qg5 29.Nxg4 Nac5
30.Qe2 e3 31.Rf1 Ne4 32.Qxe3 Qxg4 33.Rf4 Qd1+ 34.Rf1 Qg4 35.Rf4 Qd1+ 36.Rf1 Qg4  1/2-1/2

[Event "9th Open"]
[Site "La Fere FRA"]
[Date "2010.07.05"]
[Round "4"]
[White "Paillard,M"]
[Black "Feryn,A"]
[Result "0-1"]
[WhiteElo "1578"]
[BlackElo "2075"]

1.d4 Nf6 2.c4 g6 3.Nc3 Bg7 4.Nf3 O-O 5.e4 d6 6.Be2 e5 7.d5 a5 8.h3 Na6 9.g4 Nc5
10.Qc2 c6 11.Be3 cxd5 12.cxd5 b6 13.Rg1 Ba6 14.Bxa6 Nxa6 15.a3 Rc8 16.Qd3 Nc5
17.Bxc5 Rxc5 18.Nd2 Nd7 19.Qg3 Qf6 20.Nb3 Rc4 21.Nd2 Rc7 22.g5 Qf4 23.Nb3 Rfc8
24.Qe3 Nc5 25.Nxc5 Rxc5 26.Ke2 b5 27.Rg4 Qxe3+ 28.Kxe3 f6 29.gxf6 Bxf6 30.Rgg1 Kf7
31.Kf3 Ke7 32.Ne2 Bh4 33.Rac1 Rf8+ 34.Kg4 Bxf2 35.Rgf1 Rxc1 36.Rxc1 h5+ 37.Kg5 Be3+
38.Kxg6 Bxc1  0-1

[Event "ch-Paris Int"]
[Site "Paris FRA"]
[Date "2010.07.06"]
[Round "4"]
[White "Shchekachev,A"]
[Black "Perrin,G"]
[Result "1/2-1/2"]
[WhiteElo "2546"]
[BlackElo "2301"]

1.Nf3 Nf6 2.c4 g6 3.Nc3 Bg7 4.e4 d6 5.d4 O-O 6.Be2 e5 7.Be3 Na6 8.O-O Ng4
9.Bg5 Qe8 10.h3 h6 11.Bh4 exd4 12.Nd5 g5 13.hxg4 gxh4 14.Nxh4 c6 15.Nf4 Qxe4
16.g3 Qe7 17.Bd3 Re8 18.Bf5 Bf6 19.Bxc8 Bxh4 20.Bf5 Bg5 21.Qxd4 Qe5 22.Rad1 Qxd4
23.Rxd4 Bxf4 24.gxf4 Rad8 25.Kg2 Nc7 26.Kf3 d5 27.cxd5 Rxd5 28.Rxd5 Nxd5
29.Rd1 Kg7 30.Be4 Nf6 31.Bc2 Nd5 32.Bb3 Nb6 33.Rd6 Re7 34.Bc2 Rd7 35.Rxd7 Nxd7
36.Bf5 Nb6 37.Bc2 Kf6 38.Ke4 Nc4 39.b3 Nb6 40.a3 Nd5 41.Bd3 Nc3+ 42.Kd4 Nd5
43.Ke4 Nc3+ 44.Kd4  1/2-1/2

[Event "ch-NOR"]
[Site "Fredrikstad NOR"]
[Date "2010.07.07"]
[Round "6"]
[White "Ostenstad,B"]
[Black "Lie,Es"]
[Result "1/2-1/2"]
[WhiteElo "2466"]
[BlackElo "2464"]

1.c4 Nf6 2.Nc3 g6 3.e4 d6 4.d4 Bg7 5.Nf3 O-O 6.Be2 e5 7.d5 a5 8.h3 Na6 9.Bg5 h6
10.Be3 Bd7 11.Nd2 c6 12.O-O Ne8 13.Rb1 f5 14.exf5 gxf5 15.f4 c5 16.Nf3 Qe7
17.Qd2 e4 18.Nh2 Nf6 19.g4 fxg4 20.hxg4 Nb4 21.Kh1 Rae8 22.Rg1 Nh7 23.Rbf1 Nd3
24.Nd1 b5 25.b3 a4 26.Rg3 axb3 27.axb3 bxc4 28.bxc4 Ba4 29.Nf2 Rb8 30.Nxd3 exd3
31.Bxd3 Rb2 32.Qe1 Re8 33.Rf2 Rb3 34.Qf1 Nf6 35.Rh3 Bd7 36.Qd1 Nxg4 37.Nxg4 Bxg4
38.Qxg4 Rxd3 39.Rg2 Qf6 40.Rhg3 Rdxe3 41.Qxg7+ Qxg7 42.Rxg7+ Kf8 43.R7g6 Rh3+
44.Rh2 Re1+ 45.Kg2 Rc3 46.Rhxh6 Re2+ 47.Kf1 Rb2 48.Rf6+ Kg7 49.Rhg6+  1/2-1/2

[Event "IsBank TCh-TUR"]
[Site "Konya TUR"]
[Date "2010.07.07"]
[Round "11"]
[White "Erdogan,H"]
[Black "Tuncer,U"]
[Result "1-0"]
[WhiteElo "2271"]
[BlackElo "2315"]

1.d4 g6 2.c4 Bg7 3.Nf3 d6 4.Nc3 Nf6 5.e4 O-O 6.Be2 e5 7.dxe5 dxe5 8.Qxd8 Rxd8
9.Bg5 Nbd7 10.O-O-O Rf8 11.Nd2 c6 12.Be3 Re8 13.Nb3 Nf8 14.f3 Ne6 15.Rhe1 Bf8
16.a3 Nd7 17.Na4 b6 18.g3 c5 19.Nc3 Nd4 20.Bxd4 exd4 21.Nd5 Rb8 22.Bd3 Bh6+
23.f4 Bb7 24.Kb1 Rbc8 25.Bf1 Kg7 26.Bh3 Rcd8 27.e5 Nf8 28.Nf6 Re7 29.Nd2 Kh8
30.Nde4 Bg7 31.Rd3 Bxe4 32.Nxe4 f5 33.Nd2 Ne6 34.Nf3 h6 35.Kc2 Rf7 36.Nh4 Kh7
37.Rb3 Bf8 38.Bg2 Re7 39.a4 Nc7 40.a5 Na6 41.Rb5 Nb4+ 42.Kd2 Re6 43.Ra1 Be7
44.axb6 a6 45.Rxb4 cxb4 46.Rxa6 Bc5 47.Ra7+ Kh8 48.Bd5 Rxb6 49.Rc7 Bf8 50.e6 Bg7
51.Nxg6+ Kh7 52.Nh4 Rf8 53.Nxf5 Rxf5 54.Be4 Kg6 55.g4  1-0

[Event "ch-Paris Int"]
[Site "Paris FRA"]
[Date "2010.07.07"]
[Round "5"]
[White "D'Costa,L"]
[Black "Aranovitch,E"]
[Result "1-0"]
[WhiteElo "2456"]
[BlackElo "2355"]

1.d4 Nf6 2.c4 g6 3.Nc3 Bg7 4.e4 d6 5.Nf3 O-O 6.Be2 e5 7.Be3 exd4 8.Nxd4 Re8
9.f3 c6 10.Bf2 Nbd7 11.O-O Nc5 12.Qd2 a5 13.Rfd1 Nfd7 14.Bf1 a4 15.Rab1 Qa5
16.Nc2 Be5 17.Ne3 Nb6 18.Qc2 Be6 19.Ne2 Red8 20.g3 Bg7 21.Nd4 Bd7 22.Be1 Qa7
23.Bc3 Nc8 24.Kg2 Ne7 25.Rd2 Be8 26.Ne2 Bxc3 27.Qxc3 h5 28.Rbd1 Ne6 29.Rxd6 Rxd6
30.Rxd6 Qc5 31.Rd3 Ra6 32.f4 Rb6 33.Qf6 Nc8 34.Kf3 Qe7 35.Qxe7 Nxe7 36.Rd2 Nc5
37.Bh3 f6 38.g4 hxg4+ 39.Bxg4 Bf7 40.Nd4 Rb4 41.Bh3 Kg7 42.Bf1 Bg8 43.Be2 Bh7
44.Nd1 Bg8 45.Rc2 Bf7 46.Ke3 Nc8 47.Nf3 Nd6 48.Nd2 Kf8 49.Nf2 Ke7 50.Nd3 Nxd3
51.Bxd3 c5 52.e5 fxe5 53.fxe5 Nc8 54.Ne4 Nb6 55.a3 Nxc4+ 56.Bxc4 Rxc4 57.Rxc4 Bxc4
58.Nxc5 b5 59.h4 Ba2 60.Kd4 Bc4 61.Nxa4  1-0

[Event "ch-NOR"]
[Site "Fredrikstad NOR"]
[Date "2010.07.08"]
[Round "7"]
[White "Hole,O"]
[Black "Djurhuus,R"]
[Result "0-1"]
[WhiteElo "2382"]
[BlackElo "2442"]

1.Nf3 Nf6 2.c4 g6 3.Nc3 Bg7 4.e4 d6 5.d4 O-O 6.Be2 e5 7.O-O Nbd7 8.Be3 Re8
9.d5 Nh5 10.Ne1 Nf4 11.Bf3 a5 12.Nd3 Nxd3 13.Qxd3 Rf8 14.a3 f5 15.b4 f4 16.Bd2 Nf6
17.c5 g5 18.Nb5 g4 19.Be2 Ne8 20.cxd6 cxd6 21.Rfc1 Bd7 22.bxa5 f3 23.Bf1 fxg2
24.Bxg2 Qh4 25.Be3 Bh6 26.Bxh6 Qxh6 27.a4 Rf7 28.Rc3 Rxa5 29.Nc7 Nxc7 30.Rxc7 Rxa4
31.Rxa4 Bxa4 32.Qc3 Qf6 33.Rxf7 Kxf7 34.Qc8 h5 35.Qxb7+ Kg6 36.h3 Bd1 37.hxg4 Bxg4
38.Qc7 Kg5 39.Qc1+ Kh4 40.Qa3 Kg5 41.Qc1+ Qf4 42.Qc7 Qf8 43.Qc1+ Kg6 44.Qc7 h4
45.f3 Bc8 46.f4 exf4 47.e5 f3 48.Bxf3 Qxf3 49.Qxc8 Qg3+ 50.Kh1 Qe1+ 51.Kg2 Qxe5
52.Qg8+ Kf5 53.Kf1 Qf4+  0-1

[Event "Heart of Finland"]
[Site "Jyvaskyla FIN"]
[Date "2010.07.08"]
[Round "5"]
[White "Nieminen,S"]
[Black "Franssila,T"]
[Result "1-0"]
[WhiteElo "2062"]
[BlackElo "2261"]

1.d4 Nf6 2.Nf3 g6 3.c4 Bg7 4.Nc3 O-O 5.e4 d6 6.Be2 e5 7.d5 Na6 8.Nd2 c5 9.O-O Ne8
10.Rb1 f5 11.a3 Bh6 12.b4 Nf6 13.exf5 gxf5 14.Kh1 Kh8 15.Nf3 Bxc1 16.Qxc1 Rg8
17.Ne1 Qe7 18.f4 e4 19.Nc2 Bd7 20.Ne3 b6 21.Ncd1 Qg7 22.Rg1 h5 23.Nf2 Ng4
24.Bxg4 hxg4 25.Qb2 Qd4 26.Rgd1 Qxb2 27.Rxb2 Kg7 28.g3 Kf6 29.Kg2 Be8 30.h3 gxh3+
31.Kxh3 Rh8+ 32.Kg2 Bh5 33.g4 Rag8 34.Rh1 Bxg4 35.Nexg4+ fxg4 36.Rxh8 Rxh8
37.b5 Nc7 38.Nxe4+ Ke7 39.Re2 Kd7 40.Nf6+ Kd8 41.Nxg4 Rh4 42.Kg3 Rh1 43.f5 Rf1
44.f6 Rf5 45.Rh2 Ne8 46.Rh6 Rf1 47.Kh4 Rf5 48.Rh5 Rf4 49.Kg5 Rxg4+ 50.Kxg4 Nxf6+
51.Kg5 Nxh5 52.Kxh5 Ke8 53.Kg6 Ke7 54.Kg7 Kd7 55.Kf7  1-0

[Event "38th TCh-GRE DivA"]
[Site "Peristeri GRE"]
[Date "2010.07.08"]
[Round "4"]
[White "Balokas,D2"]
[Black "Adamos,T"]
[Result "1-0"]
[WhiteElo "1997"]
[BlackElo "1792"]

1.d4 Nf6 2.c4 g6 3.Nc3 Bg7 4.e4 d6 5.Nf3 O-O 6.Be2 e5 7.Be3 c6 8.O-O Re8
9.Qc2 Qe7 10.dxe5 dxe5 11.a3 Ng4 12.Bg5 Qf8 13.h3 Nh6 14.b4 f5 15.c5 f4 16.Bxh6 Bxh6
17.Rad1 g5 18.Rd6 g4 19.hxg4 Bxg4 20.Nh2 Bc8 21.Rfd1 Qg7 22.Bc4+ Kh8 23.Qe2 Bh3
24.Qf3 Bxg2 25.Qxg2 Qxg2+ 26.Kxg2 Bg7 27.Rd8 Na6 28.Rxa8 Rxa8 29.Bxa6 bxa6
30.Rd7 Bh6 31.Kf3 Rg8 32.Nd5 Rg7 33.Rd8+ Rg8 34.Rxg8+ Kxg8 35.Ne7+  1-0

[Event "Sparkassen Open"]
[Site "Nettetal GER"]
[Date "2010.07.09"]
[Round "7"]
[White "Samarian,Cornel2"]
[Black "Rothkugel,W"]
[Result "0-1"]
[WhiteElo "1778"]
[BlackElo "2001"]

1.d4 Nf6 2.c4 d6 3.Nc3 g6 4.e4 Bg7 5.Nf3 O-O 6.Be2 e5 7.d5 a5 8.h3 Nbd7 9.Be3 Nc5
10.Bxc5 dxc5 11.Qd2 Ne8 12.O-O Nd6 13.Bd3 f5 14.Kh2 h6 15.Ng1 Bd7 16.a4 Qf6
17.f3 Rf7 18.b3 f4 19.Qf2 g5 20.g4 h5 21.Qg2 Qh6 22.Rf2 Ne8 23.Raa2 Nf6 24.Be2 Bf8
25.Ra1 Rh7 26.Ra2 Qg6 27.Rd2 Bd6 28.Rd3 Kf7 29.Bd1 Rah8 30.Be2 hxg4 31.fxg4 Rh4
32.Kh1 Nxg4 33.Bxg4 Rxg4 34.Qf1 Rgh4 35.Rh2 g4 36.Rf2 g3 37.Rff3 Bxh3 38.Nxh3 Rxh3+
39.Kg1 Rh1+  0-1

[Event "ch-Paris Int"]
[Site "Paris FRA"]
[Date "2010.07.09"]
[Round "7"]
[White "Nguyen Chi Minh"]
[Black "Chomet,P"]
[Result "1-0"]
[WhiteElo "2408"]
[BlackElo "2327"]

1.d4 g6 2.c4 Bg7 3.e4 d6 4.Nc3 Nd7 5.Nf3 e5 6.Be2 Ngf6 7.O-O O-O 8.Qc2 Re8
9.Rd1 Qe7 10.Nb5 Nf8 11.c5 d5 12.exd5 exd4 13.Bc4 Qxc5 14.b4 d3 15.Qxd3 Qxb4
16.Rb1 Qe7 17.Ba3 Qd8 18.d6 c6 19.Nc7 b5 20.Bxf7+ Kxf7 21.Ng5+ Kg8 22.Qb3+ Nd5
23.Rxd5 cxd5 24.Qxd5+ Be6 25.Ngxe6 Nxe6 26.Nxe6 Qf6 27.Nc7+ Qf7 28.Qxf7+ Kxf7
29.Nxa8 Rxa8 30.Rxb5 Ke6 31.Rb7 Bf8 32.Rxh7 Bxd6 33.Bxd6 Kxd6 34.Rg7 Kc5
35.Rxg6 Kb4 36.Ra6 Kb5 37.Ra3 a5 38.g4  1-0

[Event "Int ch-SVK OpenA"]
[Site "Banska Stiavnica SVK"]
[Date "2010.07.10"]
[Round "1"]
[White "Michalicka,M"]
[Black "Kraml,M"]
[Result "1/2-1/2"]
[WhiteElo "2196"]
[BlackElo "2080"]

1.d4 g6 2.c4 Bg7 3.Nc3 Nf6 4.e4 d6 5.Nf3 O-O 6.Be2 e5 7.O-O Nbd7 8.Re1 c5
9.d5 Nb6 10.Bf1 Nh5 11.a3 a5 12.Bd2 f5 13.exf5 Bxf5 14.Ng5 Nf6 15.f3 h6 16.Nge4 Nxe4
17.fxe4 Bd7 18.Be2 a4 19.Be3 Qc7 20.Rc1 Rf6 21.Qd2 Kh7 22.Rf1 Raf8 23.h3 Qc8
24.Kh2 Rxf1 25.Rxf1 Rxf1 26.Bxf1 Qf8 27.Bd3 Qf6 28.Qf2 Qe7 29.Bd2 Qe8 30.Qh4 Qf8
31.Bg5 Nc8 32.Kg1 Kg8 33.Bd2 Kh7 34.Be2 Nb6 35.Nd1 Nc8 36.Bg4 Nb6 37.Bxd7 Nxd7
38.Qg4 Nf6 39.Qf3 Qd8 40.Nc3 Qa5 41.g4 Qa6 42.Nb5 Qb6 43.Be1 Kg8 44.Kg2 Ne8
45.Qd1 Qa6 46.Qd2 b6 47.Qc2 Bf8 48.Bd2 Bg7 49.Kf3 Qa8 50.Nc3 Nf6 51.Qxa4 Qf8
52.Kg2 Qd8 53.Qd1 Ne8 54.Qf3 Qe7 55.Be3 Qa7 56.Qd1 Qe7 57.Qa4 Kf8 58.Qa8 Qh4
59.Bf2 Qe7 60.Nb5 Bf6 61.Qb8 Bg5 62.Qxb6 h5 63.Qb8 hxg4 64.hxg4 Bf4 65.Nxd6 Qxd6
66.Qxd6+ Nxd6 67.Bxc5 Ke7 68.b4 Kd7 69.Bxd6 Kxd6 70.c5+ Kc7 71.a4 Bd2 72.b5 Bb4
73.c6 Ba5 74.Kg3 g5 75.Kf3 Kd6 76.Ke3 Kc5 77.Kd3 Bb6 78.Kc3 Bc7 79.Kb3 Ba5
80.Ka3 Bc7 81.Kb3 Ba5  1/2-1/2

[Event "ch-NOR"]
[Site "Fredrikstad NOR"]
[Date "2010.07.10"]
[Round "9"]
[White "Ostenstad,B"]
[Black "Elsness,F"]
[Result "1-0"]
[WhiteElo "2466"]
[BlackElo "2485"]

1.c4 Nf6 2.Nc3 g6 3.e4 d6 4.d4 Bg7 5.Nf3 O-O 6.Be2 e5 7.d5 a5 8.Bg5 h6 9.Bh4 Na6
10.Nd2 Qe8 11.O-O Nh7 12.a3 Bd7 13.b3 h5 14.f3 Bh6 15.Bf2 Qe7 16.Kh1 h4 17.Rg1 Kg7
18.Nf1 Rh8 19.b4 Bf4 20.c5 Nf6 21.Bxa6 Nh5 22.g4 hxg3 23.Nxg3 Rxa6 24.b5 Raa8
25.c6 bxc6 26.dxc6 Be6 27.Nd5 Nf6 28.Nxf4 exf4 29.Nf5+ Bxf5 30.exf5 Rh5 31.fxg6 Rxb5
32.gxf7+ Kf8 33.Qd3 Rab8 34.Qg6 Qxf7 35.Qh6+ Ke8 36.Rae1+ Re5 37.Bd4 Qd5
38.Bxe5 Qxf3+ 39.Rg2 Ne4 40.Qe6+  1-0

[Event "Heart of Finland"]
[Site "Jyvaskyla FIN"]
[Date "2010.07.10"]
[Round "8"]
[White "Holm, Kristian Stuvik"]
[Black "Seeman,T"]
[Result "1/2-1/2"]
[WhiteElo "2086"]
[BlackElo "2425"]

1.d4 Nf6 2.c4 g6 3.Nc3 Bg7 4.e4 d6 5.Nf3 O-O 6.Be2 Na6 7.O-O e5 8.h3 c6 9.dxe5 dxe5
10.Qxd8 Rxd8 11.Be3 Nh5 12.Rfd1 Re8 13.a3 Nf4 14.Bf1 Ne6 15.b4 Nac7 16.c5 f5
17.Bc4 Kh8 18.Rd6 a6 19.Na4 fxe4 20.Nd2 Nd4 21.Nb6 Rb8 22.Nxe4 Be6 23.Bxe6 Ncxe6
24.Rd1 h6 25.Nc4 Re7 26.Kh2 Rf8 27.a4 g5 28.f3 Kg8 29.Rd2 Nc7 30.h4 gxh4
31.Bxh6  1/2-1/2

[Event "ch-Paris Int"]
[Site "Paris FRA"]
[Date "2010.07.10"]
[Round "8"]
[White "Feller,S"]
[Black "Al Modiahki,M"]
[Result "1-0"]
[WhiteElo "2611"]
[BlackElo "2566"]

1.d4 Nf6 2.c4 g6 3.Nc3 Bg7 4.e4 d6 5.Nf3 O-O 6.Be2 e5 7.Be3 Ng4 8.Bg5 f6
9.Bh4 g5 10.Bg3 Nh6 11.dxe5 dxe5 12.Qd5+ Kh8 13.Qxd8 Rxd8 14.h4 g4 15.Nd2 Nc6
16.Nd5 Nd4 17.Nxc7 Nc2+ 18.Kd1 Nxa1 19.Nxa8 Nf5 20.Nc7 Nd4 21.Nd5 Nxe2 22.Kxe2 Nc2
23.Nb3 f5 24.h5 h6 25.Rc1 Nd4+ 26.Nxd4 exd4 27.e5 Re8 28.Re1 Be6 29.Kd3 Bf7
30.Nf4 Bf6 31.e6 Kg7 32.f3 Bg8 33.Bf2 Kf8 34.Bxd4 Bxd4 35.Kxd4  1-0

[Event "ch-USA Junior"]
[Site "St Louis USA"]
[Date "2010.07.10"]
[Round "1"]
[White "Harper,W"]
[Black "Bryant,J"]
[Result "1-0"]
[WhiteElo "2304"]
[BlackElo "2403"]

1.d4 Nf6 2.c4 g6 3.Nc3 Bg7 4.e4 d6 5.Nf3 O-O 6.Be2 Nbd7 7.O-O e5 8.Re1 c6
9.Qc2 Re8 10.d5 c5 11.a3 Nh5 12.g3 Bf8 13.Bd3 Be7 14.Kg2 Rf8 15.Bh6 Ng7 16.Nd1 Nf6
17.h3 Kh8 18.b4 b6 19.bxc5 bxc5 20.Bg5 Nfh5 21.Bxe7 Qxe7 22.Rb1 f5 23.Nc3 fxe4
24.Bxe4 Bd7 25.Rb2 Rf7 26.Reb1 Raf8 27.Rb7 Qf6 28.Nd1 Nf5 29.Qd3 Nd4 30.Nxd4 exd4
31.f4 Nxf4+ 32.gxf4 Qxf4 33.R1b2 Qg5+ 34.Qg3 Qc1 35.Nf2 Qe1 36.Bd3 Qc1 37.Rc2 Qxa3
38.Qxd6 Bxh3+ 39.Kxh3 Qa1 40.Rxf7 Rxf7 41.Qe5+ Kg8 42.Kg2  1-0

[Event "Int ch-SVK OpenA"]
[Site "Banska Stiavnica SVK"]
[Date "2010.07.11"]
[Round "2"]
[White "Vrana,F"]
[Black "Pytlik,P"]
[Result "1-0"]
[WhiteElo "2295"]
[BlackElo "2109"]

1.d4 Nf6 2.Nf3 d6 3.c4 g6 4.Nc3 Bg7 5.e4 O-O 6.Be2 e5 7.O-O Nbd7 8.Qc2 exd4
9.Nxd4 Nc5 10.Rd1 Re8 11.f3 Ne6 12.Nb3 Bd7 13.Be3 Nh5 14.Qd2 b6 15.Nd5 Ba4
16.Qb4 Qd7 17.Rd2 a5 18.Qa3 Be5 19.g3 Bxb3 20.Qxb3 Bg7 21.Rad1 Nc5 22.Qc2 Nf6
23.Nc3 h5 24.b3 Qe6 25.Nb5 Re7 26.Bg5 Rae8 27.Nxd6 cxd6 28.Rxd6 Qc8 29.Bxf6 Bxf6
30.Rxf6 Ne6 31.Rd5 Rd7 32.Qb2 Rxd5 33.cxd5 Qc5+ 34.Kg2 Nd4 35.Bd3 Rc8 36.a3 Qc3
37.Qxc3 Rxc3 38.Bc4 b5 39.d6 Kf8 40.Bxf7 Rc2+ 41.Kh3  1-0

[Event "ch-TUR w"]
[Site "Konya TUR"]
[Date "2010.07.11"]
[Round "3"]
[White "Abdimanoglu,B"]
[Black "Kaya,E"]
[Result "0-1"]
[WhiteElo "1765"]
[BlackElo "2015"]

1.d4 Nf6 2.c4 g6 3.Nc3 Bg7 4.e4 d6 5.Nf3 O-O 6.Be2 Na6 7.O-O e5 8.d5 Nc5
9.Qc2 a5 10.Be3 b6 11.a3 Ng4 12.Bg5 f6 13.Bd2 f5 14.Ng5 f4 15.Nf3 a4 16.Rad1 h6
17.Nb5 Nxe4 18.Bd3 Nxd2 19.Rxd2 g5 20.Nc3 Nf6 21.Ne4 Nxe4 22.Bxe4 g4 23.Ne1 Qg5
24.Bh7+ Kh8 25.Be4 Bf5 26.Bxf5 Rxf5 27.Qd3 Raf8 28.Qc2 Qh4 29.Qd3 Rh5 30.f3 Qxh2+
31.Kf2 e4 32.Qxe4 Qh4+ 33.Ke2 Re5 34.Qxe5 Bxe5 35.Kd1 g3 36.Nd3 Bd4 37.Kc2 Be3
38.Re2 Qf6 39.Rh1 Qd4 40.Rxh6+ Kg7  0-1

[Event "ch-Paris Int"]
[Site "Paris FRA"]
[Date "2010.07.11"]
[Round "9"]
[White "Spielmann,Al"]
[Black "Chomet,P"]
[Result "1/2-1/2"]
[WhiteElo "2286"]
[BlackElo "2327"]

1.d4 g6 2.c4 Bg7 3.e4 d6 4.Nf3 Nd7 5.Be2 e5 6.Nc3 Ngf6 7.O-O O-O 8.Be3 Ng4
9.Bg5 f6 10.Bc1 Nh6 11.Be3 Ng4 12.Bc1 Nh6 13.Be3 Ng4  1/2-1/2